Poitiers - Choix Multiples - Statistiques

Statistiques générales
  • Ce quiz a été pris 3 574 fois
    3 483 depuis la dernière actualisation
  • Le résultat moyen est 6 sur 10
Statistiques - réponses
Question Réponse % Correct
Quel parc d'attractions situé à 10km de Poitiers est le premier site touristique de Nouvelle-Aquitaine ? Futuroscope
94%
De quelle ancienne province Poitiers fut-elle la capitale ? Poitou
85%
En quelle année Charles Martel a-t-il repoussé les omeyyades à Poitiers ? 732
80%
Quel est le gentilé officiel de la ville de Poitiers ? poitevin, poitevine
67%
De quel ensemble classé au patrimoine mondial de l'UNESCO l'église Saint-Hilaire-le-Grand fait-elle partie ? Les chemins de Saint-Jacques de Compostelle
56%
Parmi ces photos, laquelle n'a pas été prise dans le Grand Poitiers ?
53%
Quel titre Aliénor d'Aquitaine, née et morte à Poitiers et comtesse de la ville, n'a-t-elle jamais porté ? Duchesse de Bourgogne
44%
Quelle compétition e-sport a fait de Poitiers l'un des fers de lance de l'e-sport français ? La Gamers Assembly
40%
Quelle rivière traverse la ville de Poitiers ? Le Clain
32%
Quel était le nom de la cité gallo-romaine à l'origine de Poitiers ? Limonum
32%
Aucun quiz correspondant
Distribution des résultats
% des personnes avec chaque résultat
Percentile par nombre de réponses
Votre historique - résultats
Vous n’avez pas pris ce quiz depuis la dernière actualisation